000 02425cam a22006134i 4500
003 PE-LiUPU
005 20250731165441.0
008 130808s2012 mx a rb 000 0 spa d
020 _a6071713307
020 _a9786071713308
020 _a6071729890
020 _a9786071729897
035 _a(Sirsi) i9786071713308
040 _aI8M
_bspa
_cI8M
_dOCLCO
_dOCLCF
_dPE-LiUPU
_erda
049 _aPRUA
050 4 _aQ180.55.M4
_bG37 2012
082 0 4 _a001.42
_bG23 2012
100 1 _aGarcía Fernández, Dora,
_eautor.
245 1 0 _aMetodología del trabajo de investigación :
_bguía práctica /
_cDora García Fernández.
250 _aQuinta edición.
264 1 _aMéxico :
_bTrillas,
_c2012.
300 _a96 páginas ;
_c23 centímetros
336 _atext
_2rdacontent
337 _aunmediated
_2rdamedia
338 _avolume
_2rdacarrier
504 _aBibliografía: página 71.
505 0 _aIntroducción a la investigación científica -- El proceso de investigación científica -- Sistema de notación para trabajos de investigación -- Estructura del trabajo de investigación científica -- Aspectos técnicos computacionales del trabajo de investigación.
526 _aSEG44
526 _aSEG26
526 _aP151
526 _aP150
526 _aP149
526 _aP146
526 _aP145
526 _aP126
526 _aP125
526 _aP92
526 _aP75
526 _aP74
526 _aP27
526 _aP15
541 _g002-00001572;
650 4 _aCiencia
_xInvestigación.
650 4 _aInvestigación
_xMetodología.
910 _btqv
_cwelc
_d20160708
910 _abgr
_bncf
_cncf
_d20190812
942 _2ddc
_cBOOK
949 _a001.42 G23 2012
_wDEWEY
_c1
_iFJ00746
_lCCODEBUJ1
_mBUJ
_p8.74
_r0
_sY
_tBOOK
_u2016-7-8
_xFIA
_PP27
_0COMPRA
_o.STAFF. Colección General Juliaca
994 _aC0
_bPEPRU
596 _a1 3
999 _a001.42 G23 2012
_wDEWEY
_c10504
_iFJ00746
_d10504
_e2020-2-10
_f2021-12-27
_g4
_lCCODEBUJ1
_mBUJ
_n2
_p8.74
_q3
_r0
_sY
_tBOOK
_u2016-7-8
_xINGENIERIA
_PP27
_0COMPRA
_o.STAFF. Colección General Juliaca
999 _a001.42 G23 2017
_wDEWEY
_c1
_i80140
_f2021-11-4
_g3
_lCCODEBUL1
_mBUL
_p11.19
_r0
_sY
_tBOOK
_u2019-8-12
_xBIBLIOTECA
_PP33
_0COMPRA
_1FCOMPR3
_o.STAFF. Colección Ciencias de la Salud
980 _81
_gALBERTO SANCHEZ Responsable de Automatización